La evangelización del nuevo mundo
Guardado en:
| Autor Corporativo: | |
|---|---|
| Formato: | Libro |
| Lenguaje: | español |
| Publicado: |
Roma
S.E.R
1992
|
| Materias: | |
| Etiquetas: |
Agregar Etiqueta
Sin Etiquetas, Sea el primero en etiquetar este registro!
|
MARC
| LEADER | 00000nam a2200000 a 4500 | ||
|---|---|---|---|
| 001 | UCT4314 | ||
| 003 | CL-VaPUC | ||
| 008 | 961108e19920000IT |||||||||||||||||spa|d | ||
| 082 | 0 | 4 | |a 253.7 |b CEN |2 21 |
| 110 | 2 | |a Centro de Estudios Superiores Legionarios de Cristo |e author |9 373588 | |
| 245 | 1 | 3 | |a La evangelización del nuevo mundo |
| 300 | |a 348 p | ||
| 942 | |c BK | ||
| 945 | |d 19961108 00:00:00 |a aalvarez | ||
| 260 | |a Roma |b S.E.R |c 1992 | ||
| 650 | 7 | |a EVANGELIZACION |2 CL-VaPUC |9 373589 | |
| 651 | 0 | |a América Latina |9 255027 | |
| 583 | |a last modification |c 19961108 00:00:00 |k Rodrigo Vera | ||
| 999 | |c 253716 |d 253714 | ||
| 952 | |0 0 |1 0 |4 0 |6 253_700000000000000_CEN_1992 |7 0 |8 A |9 274767 |a BIBTEO |b BIBTEO |d 2019-11-19 |i 2022826 |l 1 |o 253.7 CEN 1992 |p 2022826 |r 2025-01-17 |s 2024-09-09 |w 2019-11-19 |y BK |k ICR | ||